| 000 | 00512nam a22001937a 4500 | ||
|---|---|---|---|
| 003 | OSt | ||
| 005 | 20140310181802.0 | ||
| 008 | 130703t xxu||||| |||| 00| 0 eng d | ||
| 020 | _a0886878012 | ||
| 050 |
_aAY 61 _b.W927 1997 |
||
| 082 |
_aREF 036 _bW89 1996 |
||
| 245 | _aThe World almanac and book of facts 1997. | ||
| 260 |
_aNew Jersey _bWorld Almanac Books _cc1996. |
||
| 300 |
_a975 p.; _c26 cm. |
||
| 521 | _aBasic Ed. Student | ||
| 541 | _j1 | ||
| 562 | _e1 | ||
| 942 |
_2lcc _cBK-GR _kREF |
||
| 999 |
_c3673 _d3673 |
||